[Event "Titled Tuesday intern op 20th Aug Early"]
[Site "Chess.com INT"]
[Date "2024.08.20"]
[Round "8"]
[White "Joel Paul, Ganta"]
[Black "Paikens, Reinis"]
[Result "1-0"]
[WhiteElo "2192"]
[BlackElo "2165"]
[PlyCount "97"]
[EventDate "2024.08.20"]
[EventType "swiss (blitz)"]
[EventRounds "11"]
[EventCountry "USA"]
[SourceTitle "EXT 2025"]
[Source "ChessBase"]
[SourceDate "2024.10.14"]
[SourceVersion "1"]
[SourceVersionDate "2024.10.14"]
[SourceQuality "1"]

1. d4 d5 2. Nf3 Nf6 3. e3 c6 4. Bd3 e6 5. 0-0 Be7 6. c3 Nbd7 7. Nbd2 0-0 8. e4 dxe4 9. Nxe4 Nxe4 10. Bxe4 Nf6 11. Bc2 b6 12. Ne5 Bb7 13. Qf3 Qc7 14. Qh3 c5 15. Bf4 Qc8 16. dxc5 Qxc5 17. Rae1 g6 18. Bg5 Nd5 19. Nd7 Qd6 20. Nxf8 Bxf8 21. Rd1 Qe5 22. Bh6 Bxh6 23. Qxh6 Nf4 24. f3 Nd5 25. Rfe1 Qf6 26. Be4 b5 27. a4 a6 28. a5 Rc8 29. Qd2 b4 30. Bxd5 Bxd5 31. cxb4 Rc4 32. Rc1 Rd4 33. Qh6 Qd8 34. Rcd1 Rxb4 35. Re4 Qb8 36. Rh4 Rxh4 37. Qxh4 Qxb2 38. Qd8+ Kg7 39. Qb6 Qc2 40. Qd4+ Kg8 41. Qd2 Qc4 42. Rc1 Qb5 43. Rc8+ Kg7 44. Qd4+ Kh6 45. Qf4+ Kg7 46. Qd4+ Kh6 47. h4 Qxa5 48. Rg8 Qe1+ 49. Kh2 1-0

[Event "Titled Tuesday intern op 20th Aug Early"]
[Site "Chess.com INT"]
[Date "2024.08.20"]
[Round "5"]
[White "Joel Paul, Ganta"]
[Black "Rida, Ruqayyah"]
[Result "1-0"]
[WhiteElo "2192"]
[BlackElo "2110"]
[PlyCount "75"]
[EventDate "2024.08.20"]
[EventType "swiss (blitz)"]
[EventRounds "11"]
[EventCountry "USA"]
[SourceTitle "EXT 2025"]
[Source "ChessBase"]
[SourceDate "2024.10.14"]
[SourceVersion "1"]
[SourceVersionDate "2024.10.14"]
[SourceQuality "1"]

1. a3 Nf6 2. g3 g6 3. Bg2 Bg7 4. d3 0-0 5. h4 h5 6. Nc3 d5 7. Bg5 e6 8. e4 d4 9. Nce2 e5 10. Qd2 Re8 11. f4 c5 12. Nf3 Nc6 13. fxe5 Nxe5 14. Nxe5 Rxe5 15. Qf4 Qd6 16. 0-0 Bg4 17. Rae1 Nd7 18. Qxf7+ Kh7 19. Bf4 Rf8 20. Bxe5 Nxe5 21. Qd5 Rxf1+ 22. Kxf1 Qf6+ 23. Nf4 Bh6 24. Qxb7+ Nf7 25. Kg1 g5 26. hxg5 Bxg5 27. Nd5 Qg7 28. e5 h4 29. Be4+ Kh6 30. Qc6+ Kh5 31. Nf6+ Bxf6 32. Qxf6 Qxf6 33. exf6 hxg3 34. Bd5 Ng5 35. f7 Nh3+ 36. Kg2 Nf4+ 37. Kxg3 Nxd5 38. f8Q 1-0

[Event "Titled Tuesday intern op 06th Aug Early"]
[Site "Chess.com INT"]
[Date "2024.08.06"]
[Round "6"]
[White "Fromm, Marius"]
[Black "Joel Paul, Ganta"]
[Result "1-0"]
[WhiteElo "2447"]
[BlackElo "2192"]
[PlyCount "77"]
[EventDate "2024.08.06"]
[EventType "swiss (blitz)"]
[EventRounds "11"]
[EventCountry "USA"]
[SourceTitle "EXT 2025"]
[Source "ChessBase"]
[SourceDate "2024.10.14"]
[SourceVersion "1"]
[SourceVersionDate "2024.10.14"]
[SourceQuality "1"]

1. e4 e5 2. Nf3 Nf6 3. Nxe5 Nc6 4. Nxc6 dxc6 5. d3 Bc5 6. Be2 h5 7. c3 Ng4 8. d4 Qh4 9. g3 Qf6 10. 0-0 Be7 11. Nd2 Qg6 12. Nc4 h4 13. Bxg4 Bxg4 14. Ne5 Bxd1 15. Nxg6 fxg6 16. Rxd1 hxg3 17. hxg3 Kd7 18. Be3 g5 19. Kg2 g4 20. Rh1 Ke6 21. Rxh8 Rxh8 22. Rh1 Rxh1 23. Kxh1 a5 24. a4 b5 25. b3 bxa4 26. bxa4 c5 27. Kg2 cxd4 28. cxd4 c5 29. dxc5 Kd7 30. f3 gxf3+ 31. Kxf3 Kc6 32. Kg4 Bxc5 33. Bxc5 Kxc5 34. Kf5 Kb4 35. e5 Kxa4 36. e6 Kb4 37. e7 a4 38. e8Q a3 39. Qe1+ 1-0

[Event "Titled Tuesday intern op 06th Aug Early"]
[Site "Chess.com INT"]
[Date "2024.08.06"]
[Round "5"]
[White "Joel Paul, Ganta"]
[Black "Zavgorodniy, Sergiy"]
[Result "1/2-1/2"]
[WhiteElo "2192"]
[BlackElo "2379"]
[PlyCount "103"]
[EventDate "2024.08.06"]
[EventType "swiss (blitz)"]
[EventRounds "11"]
[EventCountry "USA"]
[SourceTitle "EXT 2025"]
[Source "ChessBase"]
[SourceDate "2024.10.14"]
[SourceVersion "1"]
[SourceVersionDate "2024.10.14"]
[SourceQuality "1"]

1. d4 Nf6 2. Nf3 e6 3. e3 b6 4. Bd3 Bb7 5. 0-0 d6 6. Nbd2 Nbd7 7. e4 e5 8. c3 Be7 9. Re1 0-0 10. Nf1 Re8 11. Ng3 Bf8 12. dxe5 Nxe5 13. Nxe5 dxe5 14. Qf3 g6 15. Bg5 Bg7 16. Rad1 Qe7 17. h4 h6 18. Bc1 Bc8 19. Qe2 Ng4 20. h5 Qh4 21. hxg6 fxg6 22. Bc4+ Kh7 23. Nf1 Nf6 24. Rd3 Nh5 25. Bd5 Rb8 26. f4 Rf8 27. f5 Nf4 28. Bxf4 Qxf4 29. Rf3 Qh4 30. Rh3 Qg5 31. Rg3 Qf4 32. fxg6+ Kh8 33. Rf3 Qg5 34. Rxf8+ Bxf8 35. Qf3 Bc5+ 36. Kh1 Bg4 37. Qf7 Qh4+ 38. Nh2 Qxe1+ 39. Nf1 Qh4+ 40. Nh2 Qe1+ 41. Nf1 Qxf1+ 42. Qxf1 Rf8 43. Qb5 Be3 44. Bf7 Rd8 45. Kh2 Bf4+ 46. g3 Rd2+ 47. Kg1 Rd1+ 48. Kf2 Rd2+ 49. Kf1 Rd1+ 50. Kf2 Rd2+ 51. Kf1 Rd1+ 52. Kf2 1/2-1/2

[Event "Titled Tuesday intern op 06th Aug Early"]
[Site "Chess.com INT"]
[Date "2024.08.06"]
[Round "8"]
[White "Smirnova, Polina A"]
[Black "Joel Paul, Ganta"]
[Result "1-0"]
[WhiteElo "1963"]
[BlackElo "2192"]
[PlyCount "55"]
[EventDate "2024.08.06"]
[EventType "swiss (blitz)"]
[EventRounds "11"]
[EventCountry "USA"]
[SourceTitle "EXT 2025"]
[Source "ChessBase"]
[SourceDate "2024.10.14"]
[SourceVersion "1"]
[SourceVersionDate "2024.10.14"]
[SourceQuality "1"]

1. d4 Nf6 2. c4 e5 3. dxe5 Ng4 4. e4 Nxe5 5. f4 Ng6 6. Nf3 Bc5 7. Nc3 0-0 8. a3 a5 9. Be2 Re8 10. Qd3 d6 11. Be3 Bxe3 12. Qxe3 f5 13. 0-0 fxe4 14. Ng5 Nd7 15. Rad1 Nf6 16. Qd4 e3 17. c5 h6 18. Bc4+ d5 19. Nxd5 Kf8 20. Nxf6 Qxd4 21. Nfh7+ Ke7 22. Rxd4 hxg5 23. Nxg5 Kf6 24. Nh7+ Kf5 25. Bd3+ Kg4 26. Bxg6 e2 27. Re1 Re6 28. f5+ 1-0